British Throne Succession - Statistics

General Stats
  • This quiz has been taken 52 times
    16 since last reset
  • The average score is 16 of 24
Answer Stats
Hint Answer % Correct
Male George
100%
Male William
100%
Male Archie
90%
Male Harry
90%
Female Lilibet
90%
Male Louis
90%
Female Anne
80%
Female Charlotte
80%
Male Edward
80%
Male Andrew
70%
Female Beatrice
70%
Female Eugenie
70%
Female Louise
70%
Female Mia
70%
Male Peter
70%
Female Zara
70%
Male James
60%
Male August
50%
Male Lucas
50%
Female Savannah
50%
Female Isla
40%
Female Lena
40%
Male Ernest
30%
Female Sienna
30%
No matching quizzes found
Score Distribution
Percent of People with Each Score
Percentile by Number Answered
Your Score History
You have not taken this quiz since the last reset